LEADER 01418nam a2200265 u 4500 001 000000024951 003 CaOOAMICUS 005 20070226111417.0 008 950710s1897 gw u000 u ger u 035 $a10636423 040 $aPUL(R)$bita 100 1 $aWeiss, Bernhard,$d1827-1918.$0(OLS)http://pul/name/20765 245 14$aDer Codex D inder Apostelgeschichte /$ctextkritische Untersuchung von Dr. Bernhard Weiss. 260 $aLeipzig :$bJ. C. Hinrichs,$c1897. 300 $a2 l., 112 p. ;$c22 cm 490 1 $aTexte und Untersuchungen zur Geschichte der altchristlichen Literatur ;$vBd. 17, Hft. 1 490 1 $aTexte und Untersuchungen zur Geschichte der altchristlichen Literatur.$aN.F. ;$vBd. 2, Hft. 1 630 04$aBiblia.$pN.T.$xCritica e interpretazione.$0(OLS)http://pul/subject/1926 830 0$aTexte und Untersuchungen zur Geschichte der altchristlichen Literatur ;$vBd. 17, Hft. 1.$0(OLS)http://pul/title/1074 830 0$aTexte und Untersuchungen zur Geschichte der altchristlichen Literatur.$pN.F. ;$vBd. 2, Hft. 1.$0(OLS)http://pul/title/4584 850 $aPUL 852 $aPUL$W1$xDP1 Antico 800$y27$m24 I 17(int.1)$j34889$nBK-PRI$b $qStampati Antico$B34889$CPULBib$Z2$F34889 $H $81 941 1 $a15 996 $6245$aDer Codex D inder Apostelgeschichte$9(OLS)http://pul/title/34427 996 $6260$aLeipzig :$bJ. C. Hinrichs$9(OLS)http://pul/publisher/48889 LEADER 01129naa a2200205 u 4500 001 000000096927 003 CaOOAMICUS 005 20070226130148.0 008 050307s2001 it aeh u000 u ita u 035 $a11032223 040 $aBSR$bita 100 1 $aCeccarelli, Simonetta.$0(OLS)http://pul/name/61665 245 13$aLa chiesa di S. Caterina della Rota a Roma nei documenti dell'Archivio del Capitolo di S. Pietro :$bnote storiche e bibliografiche /$cSimonetta Ceccarelli. 260 $aCittą del Vaticano :$bBiblioteca Apostolica Vaticana,$c2001. 300 $ap. [75]-134 :$bill., plans, facs. ;$c26 cm 504 $aIncludes bibliographical references. 610 24$aSanta Caterina della Rota (chiesa : Roma).$0(OLS)http://pul/subject/30557 773 0 $aBiblioteca apostolica vaticana.$tMiscellanea Bibliothecae Apostolicae Vaticanae$g8, 2001$w()16628 996 $6245$aLa chiesa di S. Caterina della Rota a Roma nei documenti dell'Archivio del Capitolo di S. Pietro :$bnote storiche e bibliografiche$9(OLS)http://pul/title/123810 996 $6260$aCittą del Vaticano :$bBiblioteca Apostolica Vaticana$9(OLS)http://pul/publisher/48729